Kate Greenaway's Language of flowers. (Record no. 2)

MARC details
000 -LEADER
fixed length control field 01256cam a2200349 i 4500
005 - DATE AND TIME OF LATEST TRANSACTION
control field 20260322212002.0
008 - FIXED-LENGTH DATA ELEMENTS--GENERAL INFORMATION
fixed length control field data
010 ## - LIBRARY OF CONGRESS CONTROL NUMBER
LC control number 78014346
020 ## - INTERNATIONAL STANDARD BOOK NUMBER
International Standard Book Number 0517261820
020 ## - INTERNATIONAL STANDARD BOOK NUMBER
International Standard Book Number 9780517261828
040 ## - CATALOGING SOURCE
Original cataloging agency DLC
Transcribing agency DLC
Modifying agency DLC
042 ## - AUTHENTICATION CODE
Authentication code lcac
050 00 - LIBRARY OF CONGRESS CALL NUMBER
Classification number NC242.G7
Item number A4 1978a
082 00 - DEWEY DECIMAL CLASSIFICATION NUMBER
Classification number 741.64/2/0924
092 ## - LOCALLY ASSIGNED DEWEY CALL NUMBER (OCLC)
Classification number 741.9 Gre 1978
001 - CONTROL NUMBER
control field data
100 1# - MAIN ENTRY--PERSONAL NAME
Personal name Greenaway, Kate,
Dates associated with a name 1846-1901.
240 10 - UNIFORM TITLE
Uniform title Language of flowers
245 10 - TITLE STATEMENT
Title Kate Greenaway's Language of flowers.
Statement of responsibility, etc. Kate Greenaway.
260 ## - PUBLICATION, DISTRIBUTION, ETC.
Place of publication, distribution, etc. New York :
Name of publisher, distributor, etc. Gramercy Pub. Co.,
Date of publication, distribution, etc. [1978]
300 ## - PHYSICAL DESCRIPTION
Extent 62 p. :
Other physical details col. ill. ;
Dimensions 26 cm.
500 ## - GENERAL NOTE
General note Reprint of the 1884 ed. published by G. Routledge, London, omitting the section, "Poetry on flowers."
500 ## - GENERAL NOTE
General note "This edition, originally published as Language of flowers, does not include the poems in the final section of the original editions."
520 ## - SUMMARY, ETC.
Summary, etc. Contains alphabetical lists of flowers and the meanings associated with them.
600 10 - SUBJECT ADDED ENTRY--PERSONAL NAME
Personal name Greenaway, Kate,
Dates associated with a name 1846-1901.
650 #0 - SUBJECT ADDED ENTRY--TOPICAL TERM
Topical term or geographic name entry element Flower language.
650 #0 - SUBJECT ADDED ENTRY--TOPICAL TERM
Topical term or geographic name entry element Flowers in art.
650 #1 - SUBJECT ADDED ENTRY--TOPICAL TERM
Topical term or geographic name entry element Flower language.
740 ## - ADDED ENTRY--UNCONTROLLED RELATED/ANALYTICAL TITLE
Uncontrolled related/analytical title Language of flowers.
906 ## - LOCAL DATA ELEMENT F, LDF (RLIN)
a 7
b cbc
c orignew
d 1
e ocip
f 19
g y-gencatlg
991 ## -
-- c-GenColl
-- NC242.G7
-- A4 1978a
-- Copy 1
-- BOOKS
Holdings
Withdrawn status Lost status Damaged status Not for loan Home library Current library Shelving location Date acquired Total checkouts Full call number Barcode Date last seen Price effective from Koha item type
        Centerville Centerville General stacks 22/03/2026   741.64/2/0924 BC0010002 22/03/2026 22/03/2026 Books